| 000 | 00535nam a2200205Ia 4500 | ||
|---|---|---|---|
| 008 | 180523s9999 xx 000 0 und d | ||
| 020 | _a1-59308-102-2 | ||
| 050 | _aMAIN PA 4002 | ||
| 050 | _b.H57 2004 | ||
| 245 | 4 | _aThe Histories : | |
| 245 | 0 | _bherodotus / | |
| 245 | 0 | _cedited by George Stade; with an introduction and notes by Donald Lateiner | |
| 260 | _aNew York : | ||
| 260 | _bBarnes & Noble, | ||
| 260 | _c2004 | ||
| 300 | _a584 pages : | ||
| 300 | _c20 cm. | ||
| 500 | _aIncludes index. | ||
| 650 | _aHerodotus. | ||
| 999 |
_c357347 _d357347 |
||